Normal view
MARC view
Entry Personal Name
001 - CONTROL NUMBER
- control field: 560797
003 - CONTROL NUMBER IDENTIFIER
- control field: OSt
005 - DATE AND TIME OF LATEST TRANSACTION
- control field: 20220930192020.0
008 - FIXED-LENGTH DATA ELEMENTS
- fixed length control field: 220930|| aca||aabn | a|a d
040 ## - CATALOGING SOURCE
- Original cataloging agency: OSt
- Transcribing agency: OSt
100 ## - HEADING--PERSONAL NAME
- Personal name: Ganguly B
670 ## - SOURCE DATA FOUND
- Source citation: Work cat.: (OSt)894683: Ganguly B., Study to find out the factors that influenced the T.B. patients to come to the clinic directly without any previous T.B. treatment, 1967
